000 00845nam a2200217 a 4500
001 58885
003 BD-RjUL
005 20211209080652.0
008 170130s1976 bg a b 001 0 ben d
035 _a(BD-RjUL)59009
040 _aDLC
_cDLC
_dBD-RjUL
_beng
041 _aeng
082 0 0 _a491.4409
_223
_bRAG 1976
100 _aরহমান, আতোয়ার
_9170417
245 1 0 _aগল্প যখন ভাষা নিয়ে /
_c আতোয়ার রহমান
260 _aঢাকা :
_bমুক্তধারা ,
_c১৯৭৬ [১৩৮৩]
300 _a১৩২ পৃ :
_bচিত্র. ;
_c২১ সেমি.
650 _aবাংলা ভাষা
_xইতিহাস ও সমালোচনা
_9184523
650 _aBemngali Language
_xHistory & Criticism
_9188838
942 _2ddc
_cBK
999 _c58885
_d58885